000 01023nam a22003257a 4500
001 BR9301036
003 BR-BrBNA
005 20230928094513.0
007 ta
008 230509b bl.||||| |||| 00| 0 por d
040 _aBR-BrBNA
_bpor
_cBiblioteca Nacional de Agricultura
041 _a(Por)
072 _aF30
_b1410
090 _ 1410 BR9301036
100 1 _aSilva Filho, M. de C.
110 1 _aEscola Superior de Agricultura de Lavras, MG (Brasil)
_0Tese (Mestre em Genetica e Melhoramento de Plantas)
245 1 _aEfeito de cultivares e meios de cultura na inducao de calos de anteras de feijoeiro (Phaseolus vulgaris L.)
260 3 _aLavras, MG (Brasil):
_c1989.
300 _a79 p.
500 _a9 illus.; Bibliography p. 66-79 (96 ref.); Summaries (Eng, Por)
650 _aFeijao
650 _aHibridacao
650 _aGenetica Vegetal
650 _aBotao Floral
650 _aAntera
650 _aCalo
650 _aCultura de Tecido
909 _a202309
_bLucia
_c55
_dLucia Elande
942 _cBK
999 _c51060
_d51060